Science Quiz

Random Science or Anatomy Quiz

Anatomy Plurals Quiz Stats

 Plays Quiz Updated Mar 31, 2015

Also try: Eye Anatomy
Challenge
Share
Tweet
Embed
Score 0/14 Timer 02:00
1 Play Today
Singular Plural % Correct
arteryarteries
96.2%
femurfemora
91%
irisirides
84.8%
mitochondrionmitochondria
84.2%
testistestes
82.3%
humerushumeri
77%
epitheliumepithelia
69.7%
Singular Plural % Correct
phalanxphalanges
43.4%
axillaaxillae
41.3%
cortexcortices
36.7%
foramenforamina
13.5%
coccyxcoccyges
8.1%
corpuscorpora
7.7%
epididymisepididymides
3.8%

You're not logged in!

Compare scores with friends on all Sporcle quizzes.
OR
Log In

You Might Also Like...

Show Comments

Extras

Top Quizzes Today


Score Distribution

Your Account Isn't Verified!

In order to create a playlist on Sporcle, you need to verify the email address you used during registration. Go to your Sporcle Settings to finish the process.

Report this User

Report this user for behavior that violates our Community Guidelines.

Details: